000 00504nam a2200181Ia 4500
999 _c29257
_d29257
003 OSt
005 20260305124457.0
008 190216s9999||||xx |||||||||||||| ||und||
020 _a9788126410019
040 _coclc
082 _a894.8123
_bPAD/R
100 1 _aPatmarājan, Pi.,
_d1945-1991
_96413
245 0 _aRetinirvedam /
_cP Padmarajan
260 _bDc Books,
_a Kottayam:
_c2005.
300 _a59p
650 _aNovel
942 _cBK
_2ddc
_h894.8123
_iPAD/R
_k894.8123
_mPAD/R